Neighborhoods of Portland Map Quiz - Statistics

General Stats
  • This quiz has been taken 175 times
  • The average score is 32 of 95
Answers on the Map
Answers color-coded by a green-red scale on the quiz's map according to % correct below.
 
Answer Stats
Answer % Correct
Downtown
78%
Pearl
74%
St. Johns
74%
Sellwood-Moreland
67%
Oldtown/Chinatown
63%
Kenton
59%
Hollywood
57%
Montavilla
57%
Mount Tabor
57%
University Park
57%
Overlook
54%
Forest Park
52%
Kerns
52%
Laurelhurst
52%
Goose Hollow
50%
King
50%
Lents
50%
Arbor Lodge
48%
Portsmouth
48%
Powellhurst-Gilbert
48%
Alameda
46%
Cathedral Park
46%
Concordia
46%
Cully
46%
Irvington
46%
Parkrose
46%
Eastmoreland
43%
Hayden Island
43%
Hillsdale
43%
Rose City Park
43%
Lloyd
41%
Woodlawn
41%
Woodstock
41%
Foster-Powell
39%
Hazelwood
39%
Humboldt
39%
North Tabor
39%
Sunderland
39%
Argay
37%
Beaumont-Wilshire
37%
Brooklyn
37%
Buckman
37%
Grant Park
37%
Mount Scott-Arleta
37%
Piedmont
37%
Roseway
37%
Sabin
37%
South Portland
37%
South Tabor
37%
Sunnyside
37%
Boise
35%
Brentwood-Darlington
35%
Centennial
35%
East Columbia
35%
Sullivan's Gulch
35%
Homestead
33%
Mill Park
33%
Northwest District
33%
Pleasant Valley
33%
Richmond
33%
Linnton
30%
Madison South
30%
Parkrose Heights
30%
Sumner
30%
Eliot
28%
Multnomah
28%
Reed
28%
Russell
28%
Arlington Heights
26%
Bridgeton
22%
Vernon
20%
Hosford-Abernethy
17%
Creston-Kenilworth
15%
Wilkes
15%
Woodland Park
13%
Sylvan-Highlands
11%
Ardenwald-Johnson Creek
9%
Dunthorpe
9%
Glenfair
9%
Hillside
9%
Northwest Heights
9%
Southwest Hills
9%
Ashcreek
7%
Far Southwest
7%
Hayhurst
7%
Maplewood
7%
Marshall Park
7%
South Burlingame
7%
West Portland Park
7%
Arnold Creek
4%
Bridlemile
4%
Collins View
4%
Crestwood
4%
Healy Heights
4%
Markham
4%
No matching quizzes found
Score Distribution
Percent of People with Each Score
Percentile by Number Answered
Your Score History
You have not taken this quiz